Word Ladder: 'Growing' HBO Show Quiz Stats

 Plays Quiz Updated Apr 16, 2013

Support Sporcle.
Go Orange.
Score 0/16 Timer 02:00
0 Plays Today
Clue Answer % Correct
ChubbyFAT
98.1%
To send a document via phone lineFAX
97.7%
RepairFIX
97.6%
____ Degrees of Separation⇓SIX⇓
97.2%
NourishFEED
89.5%
Chiropodist's specialty⇓FEET⇓
88.2%
Momentous achievementFEAT
87.7%
'____ Pressure,' Queen & David Bowie song⇓UNDER⇓
81.6%
Clue Answer % Correct
Bovine milk sourceUDDER
76.6%
RetreatedFLED
73.2%
Stored a document, such as [Rung 3]FILED
71%
Snake speciesADDER
65.5%
Provider of help or assistanceAIDER
63%
Steadied one's bow and arrowAIMED
61.1%
'To love' en françaisAIMER
55.7%
Pained or troubledAILED
54%

Today's Daily Dose

Word Ladder
ING Words

Get the Picture
Nearest Volcano

From the Vault

Overlapping TV Titles

by hempick

Puns about TV controllers aren't remotely funny.
Remove Ads.
Support Sporcle.
Get the best of Sporcle when you Go Orange. This ad-free experience offers more features, more stats, and more fun while also helping to support Sporcle. Thank you for becoming a member.

Show Comments

Extras

Top Quizzes Today


Score Distribution

Your Account Isn't Verified!

In order to create a playlist on Sporcle, you need to verify the email address you used during registration. Go to your Sporcle Settings to finish the process.

Report this User

Report this user for behavior that violates our Community Guidelines.

Details: